Countries by First Two Letters of Capitals and Borders in 30 Seconds - Statistics

General Stats
  • This quiz has been taken 2,196 times
  • The average score is 131 of 157
Answers on the Map
Answers color-coded by a green-red scale on the quiz's map according to % correct below.
 
Answer Stats
Country % Correct
Brazil
99%
France
99%
Poland
99%
Ukraine
99%
Germany
98%
Russia
98%
Argentina
97%
Belarus
97%
China
97%
Colombia
97%
Czech Republic
97%
Lithuania
97%
Mexico
97%
Slovakia
97%
United States
97%
Cameroon
96%
Myanmar
96%
Austria
95%
Bolivia
95%
Canada
95%
Italy
95%
Kazakhstan
95%
Mozambique
95%
Spain
95%
Belgium
94%
Gabon
94%
Guyana
94%
Hungary
94%
India
94%
Israel
94%
Nepal
94%
Pakistan
94%
Tanzania
94%
Uruguay
94%
Azerbaijan
93%
Bhutan
93%
Guatemala
93%
Luxembourg
93%
Mongolia
93%
Netherlands
93%
North Korea
93%
Peru
93%
Rep. of the Congo
93%
Serbia
93%
Venezuela
93%
Croatia
92%
D. R. Congo
92%
South Africa
92%
Sudan
92%
Zambia
92%
Zimbabwe
92%
Lesotho
91%
Libya
91%
Saudi Arabia
91%
Swaziland
91%
Afghanistan
90%
Central African Republic
90%
Finland
90%
Iraq
90%
Laos
90%
Norway
90%
Romania
90%
Bosnia and Herzegovina
89%
Ethiopia
89%
Montenegro
89%
Niger
89%
Switzerland
89%
Syria
89%
Turkey
89%
Algeria
88%
Botswana
88%
Bulgaria
88%
Burkina Faso
88%
Costa Rica
88%
Côte d'Ivoire
88%
Georgia
88%
Guinea
88%
Iran
88%
Kenya
88%
Honduras
87%
Malawi
87%
Mali
87%
Paraguay
87%
Chile
86%
Kyrgyzstan
86%
Somalia
86%
United Kingdom
86%
Angola
85%
Egypt
85%
Equatorial Guinea
85%
Latvia
85%
Macedonia
85%
Morocco
85%
Namibia
85%
Nicaragua
85%
Oman
85%
Tajikistan
85%
Belize
84%
Portugal
84%
Suriname
84%
Armenia
83%
Benin
83%
Djibouti
83%
Estonia
83%
South Sudan
83%
Vietnam
83%
Denmark
82%
Jordan
82%
Monaco
82%
Andorra
81%
Kosovo
81%
Liberia
80%
Yemen
80%
Sierra Leone
79%
Chad
78%
Panama
78%
Togo
78%
Kuwait
77%
Lebanon
77%
Liechtenstein
76%
El Salvador
75%
Malaysia
75%
Senegal
75%
Turkmenistan
75%
Ecuador
74%
Mauritania
74%
Sweden
73%
Indonesia
72%
Nigeria
72%
Thailand
72%
Ghana
70%
United Arab Emirates
70%
Ireland
69%
Tunisia
69%
Bangladesh
68%
Papua New Guinea
68%
Uzbekistan
68%
Cambodia
67%
Qatar
67%
Rwanda
67%
San Marino
67%
Uganda
67%
Gambia
63%
Sri Lanka
63%
Brunei
62%
Dominican Republic
61%
Greece
61%
Haiti
61%
Moldova
61%
Albania
60%
Burundi
59%
East Timor
59%
Eritrea
56%
Slovenia
56%
Guinea-Bissau
46%
South Korea
40%
Vatican City
37%
No matching quizzes found
Score Distribution
Percent of People with Each Score
Percentile by Number Answered
Your Score History
You have not taken this quiz